000
00296nam a22001337a 4500
020
_a
0-07-065706-8
041
_a
ENG
100
_a
Rangawamu .S
245
_a
A Taxt book of Agricullural Statistics
260
_a
New Delhi
_b
New Age
_c
2018
300
_a
531
650
_a
Statistics
856
_u
Mates
999
_c
6
_d
6